Notes on insolvency and agriculture (Record no. 97586)

MARC details
000 -LEADER
fixed length control field 00790cam a2200229 4500
008 - FIXED-LENGTH DATA ELEMENTS--GENERAL INFORMATION
fixed length control field 090401t1993 xxu||||| |||| 00| 0 eng d
020 ## - INTERNATIONAL STANDARD BOOK NUMBER
International Standard Book Number 0471941654
035 ## - SYSTEM CONTROL NUMBER
System control number (Sirsi) u90816
041 ## - LANGUAGE CODE
Language code of text/sound track or separate title eng
050 ## - LIBRARY OF CONGRESS CALL NUMBER
Classification number 631.1
-- 18
100 ## - MAIN ENTRY--PERSONAL NAME
Personal name Bennett, Peter
245 ## - TITLE STATEMENT
Title Notes on insolvency and agriculture
260 ## - PUBLICATION, DISTRIBUTION, ETC.
Place of publication, distribution, etc. London
Name of publisher, distributor, etc. Wiley Chancery Law Publishing
Date of publication, distribution, etc. 1993
300 ## - PHYSICAL DESCRIPTION
Extent viii, 55p.
Dimensions 21cm.
350 ## - PRICE (NR) (BK AM CF MU VM SE) [OBSOLETE]
Price 9.95
520 ## - SUMMARY, ETC.
Summary, etc. A concise guide aimed at the non-specialist advising farms and other agricultural businesses on insolvency matters. Sets out the insolvency procedures and discusses their possible consequences for the business.
690 ## - LOCAL SUBJECT ADDED ENTRY--TOPICAL TERM (OCLC, RLIN)
Topical term or geographic name as entry element MANAGEMENT-CORPORATE RECOVERY
700 ## - ADDED ENTRY--PERSONAL NAME
Personal name Womack, Michael
710 ## - ADDED ENTRY--CORPORATE NAME
Corporate name or jurisdiction name as entry element AgriLaw
9 (RLIN) 2840
942 ## - ADDED ENTRY ELEMENTS (KOHA)
Suppress in OPAC 0
948 ## - LOCAL PROCESSING INFORMATION (OCLC); SERIES PART DESIGNATOR (RLIN)
c (OCLC) 04/03/1997
Holdings
Withdrawn status Lost status Source of classification or shelving scheme Damaged status Not for loan Home library Current library Shelving location Date acquired Cost, normal purchase price Total Checkouts Full call number Barcode Date last seen Copy number Cost, replacement price Price effective from Koha item type
    Dewey Decimal Classification     London London Books 01/03/1994 9.95   631.1 BEN 30040964 06/08/2019 1 9.95 06/08/2019 Book